Регионална библиотека "Любен Каравелов" - Русе

История на българската журналистика (Запис номер 132323)

MARC детайли
000 -Лидер
Контролно поле с фиксирана дължина 01849nam a2200385 a 4500
003 - Код на организацията, давaща контролен номер
Контролно поле BLK
005 - Дата и час на последна редакция
Контролно поле 20230724095159.0
008 - Елементи от данни с фиксирана дължина
fixed length control field 180409b bul|||||r ||||||| ||bul||
010 ## - Наследен системен номер
LC control number KNG00138183000
040 ## - Източник на каталожния запис
Идентификатор на билиотеката - собственик на записа BLK
041 ## - Код за език
Код за езика на текст/звукозапис или на отделно заглавие Български
Код за езика КДБФ Български
080 ## - УДК
Текстов определител УДК Вестници. Журналистика. Радио- и тележурналистика. Вж и 05; 070.48
УДК код - определител по УДК 07
УДК определител (497.2)(091)
УДК - код + определител 07(497.2)(091)
080 ## - УДК
Текстов определител УДК Списания и периодични издания с общ характер - Списания с общ характер. Продължаващи издания с общонаучно и общотехническо съдържание. Годишници. Адресни книги. Календари. Алманаси. Вж и 07
УДК код - определител по УДК 05
УДК определител (497.2)(091)
УДК - код + определител 05(497.2)(091)
100 ## - Редна дума - Автор
Автор Боршуков, Георги Енев
R(LIN) 378105
139 ## - Редно поле
Редна дума Боршуков, Георги Енев
Авторски знак Боро - Б 67
245 10 - Сведения за заглавието
Заглавие История на българската журналистика
Подзаглавни данни 1844 - 1877 , 1878 - 1885
Редно поле (дума) Георги Енев Боршуков.
257 ## - Страна на издаване
Страна на създаване/издаване България
260 ## - Област на издателските данни
Място на издаване, разпространение и проч. София
Име на издателя, разпространителя и проч. Наука и изкуство
Година на издаване 1965
300 ## - Физическа характеристика
Страници 578 с.
Илюстрации и др. с ил., факс.
Размери/Мащаб 25 см
380 ## - Жанр
Жанр Общ отдел
500 ## - Общи забележки
Забележка 1 470 тир.- Библиогр. под линия.
650 #4 - Допълнително описание по предмет – тема
Основно описание – тема или топоним Журналистика - България - история
9 (RLIN) 258459
650 #4 - Допълнително описание по предмет – тема
Основно описание – тема или топоним Периодичен печат - България - история
9 (RLIN) 244176
651 #4 - Допълнително описание по предмет - топоним
Географско понятие България
9 (RLIN) 241624
653 ## - Ключова дума – ненормативна
Ключова дума журналистика
653 ## - Ключова дума – ненормативна
Ключова дума периодичен печат
653 ## - Ключова дума – ненормативна
Ключова дума история
852 ## - Местоположение
Форматна сигнатура Цб 36434
856 4# - Електронен адрес и достъп
Електронен формат pdf - файл
856 4# - Електронен адрес и достъп
Електронен формат pdf - файл
999 ## - СИСТЕМНИ КОНТРОЛНИ НОМЕРА
Koha biblionumber 132323
Koha biblioitemnumber 132323
942 ## - АРТИКУЛИ
Вид на библиотечния материал Книги
Скрит в OPAC Не
Периодичен библиозапис Да
944 ## - СЪЗДАВАНЕ И РЕДАКЦИЯ на ЗАПИСА
Създаване/Редакция Създаване
Дата на регистрацията/редакция 18.01.2013
Статус, дата на статуса Геновева Генчева
Служител, извършил регистрацията/редакцията 30560
944 ## - СЪЗДАВАНЕ И РЕДАКЦИЯ на ЗАПИСА
Създаване/Редакция Редакция
Дата на регистрацията/редакция 2022-05-27
999 ## - СИСТЕМНИ КОНТРОЛНИ НОМЕРА
Koha biblioitemnumber 132323
Наличности
Код за отписване Код за изгубен артикул Източник на класификационната схема Код за повреда Коз за рестрикции Код за отдаване Артикулен № Име на библиотеката - собственик Име на библиотеката, в която се намира в момента Статус (Текущо местоположение) Дата на вписване в системата Местоположение - отдел Цена в лева Инвентарен номер Систематично азбучна сигнатура Баркод Номер на екземпляра Цена в евро Служебна бележка Служебен тип на артикула
  Не е изгубен Universal Decimal Classification Не е повреден само за читалня ползва се в читалня 215848 Регионална библиотека "Любен Каравелов" Русе Регионална библиотека "Любен Каравелов" Русе Хранилище 1965-01-01 Хранилище 2.22 807/66 Цб 36434 900000096478 1 1.14 Дата: 01.01.1965 Книги
Изтеглен Не е изгубен Universal Decimal Classification Не е повреден без рестрикции заемане за дома 215849 Регионална библиотека "Любен Каравелов" Русе Регионална библиотека "Любен Каравелов" Русе Заемна - подръчен фонд 1965-01-01 Заемна - подръчен фонд 0.00 1135/66 П 07/Б 67 900000096479 2 0.00 Дата: 01.01.1965 Книги
Изтеглен Не е изгубен Universal Decimal Classification Не е повреден без рестрикции заемане за дома 215850 Регионална библиотека "Любен Каравелов" Русе Регионална библиотека "Любен Каравелов" Русе Заемна - подръчен фонд 1965-01-01 Заемна - подръчен фонд 0.00 623523 П 07/Б 67 623523 3 0.00 Дата: 01.01.1965 Книги
Vip Innovations Ltd, Rousse, Bulgaria 2025